00592nam a2200157 a 450000100100000000500170001000800410002702000150006804000250008310000210010824501030012926000720023230000370030450000610034150400320040200003756320200930080436.0120501s1993 sp ac 000 0 spa d a8400073606 aDO-SdBNPbspacBNPHU1 aPaz, Pilar de la10aAutoras dramáticas españolas entre 1918 y 1936 :b(texto y representacion) /cPilar de la Paz. aMadrid :bConsejo Superior de Investigaciones Científicas,c1993. a407 p. :bils., retrs. ;c25 cm. aIncluye índice de abreviaturas e índice onomástico aBibliografía : p. 375-393